MARC

LEADER 00000nam2a2200000 4500
001 308108
005 20251128134406.0
035 |a (RuTPU)RU\TPU\book\333417 
035 |a RU\TPU\book\288474 
090 |a 308108 
100 |a 20151028d1981 k y0rusy5003 ca 
101 0 |a rus 
102 |a LV 
105 |a y z 001zy 
181 0 |a i   |b  e  
182 0 |a n 
183 0 |a nc  |2 RDAcarrier 
200 0 |a Т. 3 
203 |a Текст  |b визуальный  |c непосредственный 
210 |d 1981 
215 |a 370 с.  |d 22 см 
283 |a volume  |2 RDAcarrier 
320 |a Список литературы: с. 340-354 (374 назв.) 
320 |a Предм. указ.: с. 355-357 
461 1 |0 263854  |t Асимптотические разложения интегралов  |o в 3 т.  |f Э. Я. Риекстыньш  |g Академия наук Латвийской ССР (АН ЛатССР), Институт физики (ИФ)  |v Т. 3  |d 1974-1981  |9 263854  |a  Риекстыньш, Эдуард Янович  |c Рига  |n Зинатне 
606 1 |a Асимптотические методы  |x (математический анализ)  |2 stltpush  |3 (RuTPU)RU\TPU\subj\29518  |9 52828 
610 1 |a асимптотические разложения 
610 1 |a асимптотика 
610 1 |a представления 
610 1 |a ортогональные функции 
610 1 |a целые функции 
610 1 |a степенные ряды 
610 1 |a интегралы 
610 1 |a монографии 
675 |a 517.928  |v 4 
700 1 |a Риекстыньш  |b Э. Я   |g Эдуард Янович 
712 0 2 |a Академия наук Латвийской ССР  |b Институт физики  |4 570  |9 25964 
801 0 |a RU  |b 63413507  |c 19950704  |g psbo 
801 1 |a RU  |b 63413507  |c 20140626 
801 2 |a RU  |b 63413507  |c 20171013  |g RCR 
942 |c BK